| 000 | 00647nam a2200229Ia 4500 | ||
|---|---|---|---|
| 003 | OSt | ||
| 005 | 20221006164557.0 | ||
| 006 | a|||||r|||| 00| 0 | ||
| 007 | ta | ||
| 008 | 221006b |||||||| |||| 00| 0 hin d | ||
| 024 | _a4,967 | ||
| 037 | _cTextual | ||
| 040 |
_aFML _cFML _bhin |
||
| 041 |
_2hin _ahin |
||
| 082 | _aNR44, 356, Q4 | ||
| 100 |
_aTawar Pratibha Au. _9677821 |
||
| 245 | 0 | _aBhairavi Ang Ke Raago Ka Vishleshanatmak Aadhyayan | |
| 260 |
_aNimai, _bRajasthan Navjeevan Prakashan India _c2014 |
||
| 300 |
_a358 _ccm. |
||
| 942 |
_hNR44, 356, Q4 _cTEXL _2CC |
||
| 999 |
_c1117742 _d1117742 |
||